00259nam a2200097Ia 4500008004100000100001900041245003000060245002100090260000900111856004100120160531s9999 xx 000 0 und d aMoyer, Curt A. aTime in Quantum Mechanics cby Curt A. Moyer c2013 uhttp://arxiv.org/pdf/1305.5525v1.pdf